00808nam a2200217 a 4500001001000000005001700010008004100027041000800068044000600076050002300082100006200105245008800167260006800255300003400323500005700357500006800414500001000482650002200492651003700514651003900551BRCA_638720190320205432.0250709s1843----u--a---###---#000-0#eng-# aeng au 4aF1213b.C35 4 18431 aCalderón de la Barca, Frances Erskine Inglisd1804-188210aLife in Mexico during a residence of two years in that countrycby Mme. C. de la B. aBoston, MassachusettsbCharles. C. Little and James Brownc1843 axi, 427 p. (v.2)bil.c21 cm. aIncluye glosario de palabras españolas o mexicanas aVer también B97 (v.1), C15 (3a ed. 1910) y C135 (2a ed. 1907) aCEF8014aViajeros ingleses 4aMéxicoxDescripción y viajes 4aMéxicoxVida social y costumbres